Visualizzazione normale
Vista MARC
- Cavaquinho N.
di Personal Name
Records bibliografici associati: 1
001 - CONTROL NUMBER
- control field: 29854
003 - CONTROL NUMBER IDENTIFIER
- control field: IT-RoPau
005 - DATE AND TIME OF LATEST TRANSACTION
- control field: 20140615205944.0
008 - FIXED-LENGTH DATA ELEMENTS
- fixed length control field: 140615|| aca||aabn | a|a d
040 ## - CATALOGING SOURCE
- Original cataloging agency: IT-RoPau
- Transcribing agency: IT-RoPau
100 ## - HEADING--PERSONAL NAME
- Personal name: Cavaquinho N.
- Miscellaneous information: Codice autore musica SPICS: 40226
- Relator term: Autore musica
- Name of part/section of a work: Beija Flor
670 ## - SOURCE DATA FOUND
- Source citation: Work cat.: (IT-RoPau)99331: AA.VV. 794, Jim Hall Inissued 1982-1992